[Event "NATO-ch 30th"]
[Site "Berlin"]
[Date "2019.09.19"]
[Round "5.37"]
[White "Geroly, Jozsef"]
[Black "Kraft, Chip"]
[Result "1-0"]
[WhiteElo "1766"]
[BlackElo "2050"]
[PlyCount "121"]
[EventDate "2019.09.14"]
[EventType "team-swiss"]
[EventRounds "7"]
[EventCountry "GER"]
[SourceTitle "EXT 2020"]
[Source "ChessBase"]
[SourceDate "2019.10.17"]
[SourceVersion "1"]
[SourceVersionDate "2019.10.17"]
[SourceQuality "1"]
[WhiteTeam "Hungary"]
[BlackTeam "United States"]
[WhiteTeamCountry "HUN"]
[BlackTeamCountry "USA"]

1. Nf3 Nf6 2. d4 g6 3. c4 Bg7 4. Nc3 d6 5. e4 0-0 6. Bg5 h6 7. Bh4 g5 8. Bg3 Nh5 9. Qd2 f5 10. exf5 Bxf5 11. Bd3 Qd7 12. a3 a5 13. 0-0 Nxg3 14. fxg3 Bxd3 15. Qxd3 g4 16. Nh4 Nc6 17. Nf5 Rxf5 18. Qxf5 Qxf5 19. Rxf5 Bxd4+ 20. Kh1 Bxc3 21. bxc3 b6 22. Raf1 Ne5 23. R1f4 a4 24. h3 gxh3 25. gxh3 Ra5 26. Rh5 Rc5 27. Rxh6 b5 28. Rh5 Kg7 29. Rg5+ Kh6 30. h4 bxc4 31. Rf8 Kh7 32. Rfg8 Rd5 33. R8g7+ Kh6 34. Rxe7 Rd3 35. Re6+ Kh7 36. h5 Rxc3 37. h6 Rc1+ 38. Kg2 Rc2+ 39. Kf1 Rc1+ 40. Kg2 Rc2+ 41. Kf1 Rc1+ 42. Ke2 Re1+ 43. Kxe1 Nf3+ 44. Kf2 Nxg5 45. Re7+ Kxh6 46. Rxc7 d5 47. Ke3 d4+ 48. Ke2 Ne4 49. Rxc4 Nxg3+ 50. Kd3 Nf5 51. Rxa4 Kg6 52. Ra6+ Kf7 53. Ke4 Ne7 54. Kxd4 Ke8 55. Kc5 Nf5 56. Rf6 Ng7 57. Kd6 Nh5 58. Rh6 Ng3 59. Rh8+ Kf7 60. a4 Nf5+ 61. Kc6 1-0

[Event "NATO-ch 30th"]
[Site "Berlin"]
[Date "2019.09.19"]
[Round "6.32"]
[White "Tucker, David Sidney"]
[Black "Geroly, Jozsef"]
[Result "1-0"]
[WhiteElo "1997"]
[BlackElo "1766"]
[PlyCount "43"]
[EventDate "2019.09.14"]
[EventType "team-swiss"]
[EventRounds "7"]
[EventCountry "GER"]
[SourceTitle "EXT 2020"]
[Source "ChessBase"]
[SourceDate "2019.10.17"]
[SourceVersion "1"]
[SourceVersionDate "2019.10.17"]
[SourceQuality "1"]
[WhiteTeam "NATO V"]
[BlackTeam "Hungary"]
[BlackTeamCountry "HUN"]

1. e4 d6 2. d4 g6 3. Nf3 Bg7 4. c3 a6 5. a4 Nd7 6. Nbd2 b6 7. Bd3 Bb7 8. 0-0 c5 9. Re1 e5 10. d5 Ne7 11. Qe2 h6 12. Nc4 Qc7 13. Ne3 Nf6 14. c4 Bc8 15. a5 0-0 16. axb6 Qxb6 17. Bd2 Ng4 18. Ba5 Qb7 19. Reb1 Nxe3 20. fxe3 f5 21. b4 cxb4 22. c5 1-0

[Event "HUN-chT2 Szechenyi 1819"]
[Site "Hungary"]
[Date "2018.10.28"]
[Round "1.8"]
[White "Geroly, Jozsef"]
[Black "Balogh, Marton"]
[Result "1/2-1/2"]
[WhiteElo "1811"]
[BlackElo "1981"]
[PlyCount "97"]
[EventDate "2018.10.28"]
[EventType "team-tourn"]
[EventRounds "9"]
[EventCountry "HUN"]
[SourceTitle "EXT 2021"]
[Source "ChessBase"]
[SourceDate "2020.10.23"]
[SourceVersion "1"]
[SourceVersionDate "2020.10.23"]
[SourceQuality "1"]
[WhiteTeam "Veszprem Ezust Huszar"]
[BlackTeam "Csuti Baki Agrocentrum"]
[WhiteTeamCountry "HUN"]
[BlackTeamCountry "HUN"]

1. Nf3 Nf6 2. d4 d5 3. g3 c6 4. Bg2 Bf5 5. Nbd2 e6 6. Ne5 Nbd7 7. Nxd7 Nxd7 8. e4 dxe4 9. Nxe4 Bxe4 10. Bxe4 Nf6 11. Bf3 Qb6 12. c3 Be7 13. Qb3 0-0 14. Qxb6 axb6 15. a3 b5 16. Bg5 b4 17. 0-0 bxa3 18. bxa3 Bxa3 19. Rfb1 Ra7 20. Rb3 Rfa8 21. Rab1 h6 22. Bd2 Bd6 23. Rxb7 Rxb7 24. Rxb7 Ra2 25. Be3 Nd5 26. c4 Nxe3 27. fxe3 c5 28. d5 Ra3 29. Rd7 Be5 30. Be4 Kf8 31. d6 Bxd6 32. Rxd6 Rxe3 33. Bg2 Ke7 34. Rc6 Re5 35. Rc7+ Kf6 36. Bc6 Re1+ 37. Kf2 Rc1 38. Bb5 Rc2+ 39. Kf3 Rxh2 40. Rxc5 g5 41. Rc7 h5 42. Be8 g4+ 43. Ke3 Rg2 44. Rxf7+ Ke5 45. Rh7 Rxg3+ 46. Ke2 Kd4 47. Rxh5 Kxc4 48. Bf7 Kd4 49. Ra5 1/2-1/2

[Event "HUN-chT2 Szechenyi 1718"]
[Site "Hungary"]
[Date "2018.01.28"]
[Round "5.6"]
[White "Geroly, Jozsef"]
[Black "Olah, Jozsef"]
[Result "1-0"]
[WhiteElo "1885"]
[BlackElo "1877"]
[PlyCount "127"]
[EventDate "2017.10.29"]
[EventType "team-tourn"]
[EventRounds "9"]
[EventCountry "HUN"]
[SourceTitle "EXT 2021"]
[Source "ChessBase"]
[SourceDate "2020.10.23"]
[SourceVersion "1"]
[SourceVersionDate "2020.10.23"]
[SourceQuality "1"]
[WhiteTeam "Veszprem Ezust Huszar"]
[BlackTeam "Haladas Szombathely III"]
[WhiteTeamCountry "HUN"]
[BlackTeamCountry "HUN"]

1. Nf3 d5 2. g3 g6 3. d4 Bg7 4. Bg2 Nf6 5. 0-0 0-0 6. c4 dxc4 7. Ne5 c6 8. Nc3 Be6 9. e4 Qc7 10. f4 Rd8 11. Be3 Nbd7 12. h3 Nxe5 13. fxe5 Ne8 14. Qf3 f6 15. d5 cxd5 16. exd5 Bf5 17. d6 exd6 18. Nd5 Qf7 19. exf6 Nxf6 20. Nxf6+ Bxf6 21. g4 Bxb2 22. Rab1 Be6 23. Qxf7+ Bxf7 24. Rxb2 Rd7 25. Rxb7 Rxb7 26. Bxb7 Rb8 27. Rxf7 Kxf7 28. Bd5+ Kf6 29. Bxc4 Rb4 30. Bb3 a6 31. Kf2 Ke5 32. Bd2 Rb8 33. Ke3 Kf6 34. h4 Re8+ 35. Kf4 Kg7 36. Bc3+ Kf8 37. Bb4 Rd8 38. Ke4 Ke7 39. Bd2 Rb8 40. Bg5+ Kd7 41. Ba4+ Ke6 42. Bb3+ Kd7 43. Bd2 Re8+ 44. Kd3 Rf8 45. Bd5 Rf2 46. Bg8 h5 47. gxh5 gxh5 48. Bc4 Rh2 49. Bg5 a5 50. a4 Rg2 51. Ke4 Kc6 52. Bb5+ Kc5 53. Be3+ Kb4 54. Kd5 Rg6 55. Bd2+ Kb3 56. Bxa5 Rg4 57. Bd8 Kb4 58. Kxd6 Re4 59. Bg5 Ka5 60. Kd5 Rg4 61. Ke5 Rg2 62. Kf4 Rg4+ 63. Kf5 Rxg5+ 64. Kxg5 1-0

[Event "HUN-chT2 Szechenyi 1718"]
[Site "Hungary"]
[Date "2017.12.03"]
[Round "3.5"]
[White "Horvath, Tamas4444"]
[Black "Geroly, Jozsef"]
[Result "1-0"]
[WhiteElo "2140"]
[BlackElo "1885"]
[PlyCount "95"]
[EventDate "2017.10.29"]
[EventType "team-tourn"]
[EventRounds "9"]
[EventCountry "HUN"]
[SourceTitle "EXT 2021"]
[Source "ChessBase"]
[SourceDate "2020.10.23"]
[SourceVersion "1"]
[SourceVersionDate "2020.10.23"]
[SourceQuality "1"]
[WhiteTeam "Gyor Elektromos"]
[BlackTeam "Veszprem Ezust Huszar"]
[WhiteTeamCountry "HUN"]
[BlackTeamCountry "HUN"]

1. d4 Nf6 2. c4 g6 3. Nf3 Bg7 4. Nc3 d5 5. e3 0-0 6. Bd3 a6 7. 0-0 dxc4 8. Bxc4 b5 9. Be2 Bb7 10. a4 b4 11. Nb1 a5 12. Nbd2 Nbd7 13. Nb3 c5 14. dxc5 Ne4 15. c6 Bxc6 16. Nfd4 Bb7 17. Bb5 Qc7 18. Ne6 fxe6 19. Qxd7 Qxd7 20. Bxd7 Bd5 21. Nd4 Nc5 22. Bc6 Rac8 23. Bxd5 exd5 24. Rd1 e5 25. Nb5 Nb3 26. Rb1 Rc2 27. e4 Rfxf2 28. exd5 Rxg2+ 29. Kh1 Rxh2+ 30. Kg1 Rcg2+ 31. Kf1 Rg4 32. Be3 Nd4 33. Bxd4 exd4 34. d6 Kf7 35. Rbc1 Rh1+ 36. Kf2 Rxd1 37. Rxd1 Re4 38. Rc1 Bf6 39. Rc7+ Ke6 40. Rxh7 d3 41. Rh3 Bd4+ 42. Kg2 Rg4+ 43. Kf3 Kf5 44. d7 d2 45. Rh1 Rf4+ 46. Ke2 Rf2+ 47. Kd1 Bf6 48. Rh8 1-0

[Event "HUN-chT2 Szechenyi 1617"]
[Site "Hungary"]
[Date "2017.01.29"]
[Round "7.7"]
[White "Geroly, Jozsef"]
[Black "Csaba, Arpad Jr"]
[Result "1/2-1/2"]
[WhiteElo "1906"]
[BlackElo "2117"]
[PlyCount "29"]
[EventDate "2016.09.25"]
[EventType "team-tourn"]
[EventRounds "11"]
[EventCountry "HUN"]
[SourceTitle "EXT 2021"]
[Source "ChessBase"]
[SourceDate "2020.10.23"]
[SourceVersion "1"]
[SourceVersionDate "2020.10.23"]
[SourceQuality "1"]
[WhiteTeam "Veszprem Ezust Huszar"]
[BlackTeam "Ajka Banyasz"]
[WhiteTeamCountry "HUN"]
[BlackTeamCountry "HUN"]

1. Nf3 e6 2. d4 d5 3. g3 c6 4. Bg2 Nf6 5. Nbd2 Bd6 6. c4 b6 7. Qc2 0-0 8. 0-0 Bb7 9. e4 dxe4 10. Nxe4 Be7 11. Bg5 Nbd7 12. Ne5 Nxe4 13. Bxe7 Qxe7 14. Bxe4 Nxe5 15. dxe5 1/2-1/2

[Event "HUN-chT2 Szechenyi 1516"]
[Site "Hungary"]
[Date "2015.10.18"]
[Round "3.6"]
[White "Geroly, Jozsef"]
[Black "Vas, Istvan"]
[Result "1-0"]
[WhiteElo "1919"]
[BlackElo "1982"]
[PlyCount "57"]
[EventDate "2015.09.13"]
[EventType "team-tourn"]
[EventRounds "11"]
[EventCountry "HUN"]
[SourceTitle "CBM 170 Extra"]
[Source "ChessBase"]
[SourceDate "2016.02.25"]
[SourceVersion "1"]
[SourceVersionDate "2016.02.25"]
[SourceQuality "1"]
[WhiteTeam "Ezust Huszar"]
[BlackTeam "Csuti Baki Agrocentrum"]
[WhiteTeamCountry "HUN"]
[BlackTeamCountry "HUN"]

1. Nf3 c5 2. g3 Nc6 3. d4 cxd4 4. Nxd4 e5 5. Nxc6 bxc6 6. Bg2 d5 7. c4 Bb7 8. cxd5 cxd5 9. Qa4+ Qd7 10. Qxd7+ Kxd7 11. Nc3 e4 12. 0-0 f5 13. Be3 Bb4 14. Rfd1 Bxc3 15. bxc3 Ne7 16. c4 Ke6 17. f3 Rhd8 18. fxe4 fxe4 19. cxd5+ Rxd5 20. Rf1 Ra5 21. Bd2 Rb5 22. a4 Rb2 23. Bh3+ Kd5 24. Bg5 Kd6 25. Bf4+ Kc5 26. Rfc1+ Kb6 27. Bc7+ Ka6 28. e3 Bc6 29. Bd6 1-0

[Event "HUN-chT2 Szechenyi 1314"]
[Site "Hungary"]
[Date "2014.04.13"]
[Round "10.8"]
[White "Geroly, Jozsef"]
[Black "Vargyas, Zoltan"]
[Result "1-0"]
[WhiteElo "1923"]
[BlackElo "2114"]
[PlyCount "83"]
[EventDate "2013.09.08"]
[EventType "team-tourn"]
[EventRounds "11"]
[EventCountry "HUN"]
[SourceTitle "EXT 2016"]
[Source "ChessBase"]
[SourceDate "2015.10.08"]
[SourceVersion "1"]
[SourceVersionDate "2015.10.08"]
[SourceQuality "1"]
[WhiteTeam "Veszprem"]
[BlackTeam "Balatonfuered"]
[WhiteTeamCountry "HUN"]
[BlackTeamCountry "HUN"]

1. Nf3 g6 2. d4 Bg7 3. e4 d6 4. Bc4 Nf6 5. Nc3 0-0 6. 0-0 c6 7. e5 Ng4 8. h3 Nh6 9. g4 Kh8 10. Nh2 f6 11. exf6 exf6 12. Ne2 Nf7 13. f4 f5 14. g5 d5 15. Bd3 Nd6 16. h4 Ne4 17. c3 b6 18. h5 gxh5 19. Bxe4 fxe4 20. Ng3 h4 21. Nh5 Qe8 22. Nxg7 Kxg7 23. Be3 Bf5 24. Ng4 Nd7 25. Nh6 Qg6 26. Kh2 Kh8 27. Qe2 b5 28. b3 Nb6 29. Rf2 a5 30. Rc1 a4 31. c4 axb3 32. axb3 bxc4 33. bxc4 Nxc4 34. Rxc4 dxc4 35. d5 Qg7 36. Qxc4 cxd5 37. Qxd5 Rad8 38. Qc5 Rc8 39. Nxf5 Rxc5 40. Nxg7 Rd5 41. Ne6 Rf7 42. Rb2 1-0

[Event "HUN-chT2 Szechenyi 1213"]
[Site "Hungary"]
[Date "2013.03.03"]
[Round "8.7"]
[White "Geroly, Jozsef"]
[Black "Olah, Jozsef"]
[Result "1/2-1/2"]
[WhiteElo "1908"]
[BlackElo "1984"]
[PlyCount "29"]
[EventDate "2012.09.16"]
[EventType "team-tourn"]
[EventRounds "11"]
[EventCountry "HUN"]
[SourceTitle "EXT 2014"]
[Source "ChessBase"]
[SourceDate "2013.11.20"]
[SourceVersion "1"]
[SourceVersionDate "2013.11.20"]
[SourceQuality "1"]
[WhiteTeam "Veszprem"]
[BlackTeam "Haladas III"]
[WhiteTeamCountry "HUN"]
[BlackTeamCountry "HUN"]

1. Nf3 Nf6 2. d4 d5 3. g3 e6 4. Bg2 c5 5. a3 Nc6 6. 0-0 Qb6 7. dxc5 Bxc5 8. b4 Be7 9. Bb2 a5 10. c3 Ne4 11. c4 Bf6 12. Bxf6 Nxf6 13. b5 Ne7 14. cxd5 Nexd5 15. a4 1/2-1/2

[Event "HUN-chT2 Szechenyi 1213"]
[Site "Hungary"]
[Date "2013.02.17"]
[Round "7.7"]
[White "Nemeth, Zsolt"]
[Black "Geroly, Jozsef"]
[Result "1/2-1/2"]
[WhiteElo "1988"]
[BlackElo "1908"]
[PlyCount "22"]
[EventDate "2012.09.16"]
[EventType "team-tourn"]
[EventRounds "11"]
[EventCountry "HUN"]
[SourceTitle "EXT 2014"]
[Source "ChessBase"]
[SourceDate "2013.11.20"]
[SourceVersion "1"]
[SourceVersionDate "2013.11.20"]
[SourceQuality "1"]
[WhiteTeam "Keszthely"]
[BlackTeam "Veszprem"]
[WhiteTeamCountry "HUN"]
[BlackTeamCountry "HUN"]

1. e4 g6 2. d4 Bg7 3. Be3 d6 4. Nc3 a6 5. Qd2 b5 6. 0-0-0 Bb7 7. f3 Nd7 8. h4 h6 9. Kb1 c5 10. dxc5 Nxc5 11. Bd4 Nf6 1/2-1/2

[Event "NATO-ch 22nd"]
[Site "Kaunas"]
[Date "2011.08.12"]
[Round "7"]
[White "Geroly, Jozsef"]
[Black "Ivsek, Cveto"]
[Result "1/2-1/2"]
[WhiteElo "1978"]
[BlackElo "1823"]
[PlyCount "37"]
[EventDate "2011.08.08"]
[EventType "swiss"]
[EventRounds "7"]
[EventCountry "LTU"]
[SourceTitle "CBM 143 Extra"]
[Source "ChessBase"]
[SourceDate "2011.08.29"]
[SourceVersion "1"]
[SourceVersionDate "2011.08.29"]
[SourceQuality "1"]

1. Nf3 d5 2. g3 e6 3. Bg2 f5 4. d3 c6 5. 0-0 Nf6 6. Nbd2 Nbd7 7. e4 dxe4 8. dxe4 Be7 9. Re1 Nc5 10. exf5 exf5 11. Qe2 Nce4 12. Nxe4 Nxe4 13. Ng5 Bxg5 14. Qh5+ g6 15. Qxg5 0-0 16. Bxe4 fxe4 17. Qh6 Qf6 18. Qf4 Qxf4 19. Bxf4 1/2-1/2

[Event "NATO-ch 22nd"]
[Site "Kaunas"]
[Date "2011.08.08"]
[Round "1"]
[White "Geroly, Jozsef"]
[Black "Jauk, Wilhelm"]
[Result "0-1"]
[WhiteElo "1978"]
[BlackElo "2164"]
[PlyCount "54"]
[EventDate "2011.08.08"]
[EventType "swiss"]
[EventRounds "7"]
[EventCountry "LTU"]
[SourceTitle "CBM 143 Extra"]
[Source "ChessBase"]
[SourceDate "2011.08.29"]
[SourceVersion "1"]
[SourceVersionDate "2011.08.29"]
[SourceQuality "1"]

1. d4 c5 2. Nf3 d5 3. g3 cxd4 4. Bg2 Nc6 5. Nxd4 Nf6 6. 0-0 e6 7. c4 Be7 8. Nc3 0-0 9. a3 Na5 10. cxd5 exd5 11. Bf4 a6 12. Qd3 Be6 13. b4 Nc4 14. Nf5 Re8 15. Nxe7+ Rxe7 16. Na4 b6 17. Qd4 Rc8 18. Rfc1 h6 19. Rc3 Bd7 20. Bxd5 Bxa4 21. Rxc4 Nxd5 22. Rxc8 Qxc8 23. Qxd5 Rxe2 24. Be3 Bc6 25. Rc1 Re1+ 26. Rxe1 Bxd5 27. Bxb6 Qh3 0-1

[Event "NATO-ch 21st"]
[Site "Koge"]
[Date "2010.10.19"]
[Round "3"]
[White "Geroly, Jozsef"]
[Black "Nielsen, Jan Mose"]
[Result "1/2-1/2"]
[WhiteElo "1982"]
[BlackElo "2120"]
[PlyCount "68"]
[EventDate "2010.10.18"]
[EventType "swiss"]
[EventRounds "7"]
[EventCountry "DEN"]
[SourceTitle "EXT 2011"]
[Source "ChessBase"]
[SourceDate "2010.11.26"]
[SourceVersion "1"]
[SourceVersionDate "2010.11.26"]
[SourceQuality "1"]

1. Nf3 d5 2. g3 c5 3. Bg2 Nc6 4. d4 cxd4 5. Nxd4 e5 6. Nxc6 bxc6 7. c4 Be6 8. Nc3 Bb4 9. Qa4 Bxc3+ 10. bxc3 Ne7 11. Ba3 0-0 12. Rd1 Re8 13. e4 Qc7 14. Bxe7 Rxe7 15. exd5 cxd5 16. cxd5 Qxc3+ 17. Kf1 Bd7 18. Qb3 Qxb3 19. axb3 Rb8 20. d6 Ree8 21. Bd5 Rb6 22. Kg2 Bc6 23. Bxc6 Rxc6 24. Rd5 f6 25. f4 exf4 26. gxf4 Rd8 27. Rhd1 Kf7 28. R5d3 Ke6 29. Re1+ Kf5 30. d7 Rc7 31. Re7 g5 32. fxg5 fxg5 33. Rxh7 Kg6 34. Re7 Kf6 1/2-1/2

[Event "HUN-chT2 Szechenyi 1011"]
[Site "Hungary"]
[Date "2010.09.12"]
[Round "1.9"]
[White "Farkas, Mate"]
[Black "Geroly, Jozsef"]
[Result "1/2-1/2"]
[WhiteElo "1824"]
[BlackElo "1982"]
[PlyCount "75"]
[EventDate "2010.09.12"]
[EventType "team-tourn"]
[EventRounds "11"]
[EventCountry "HUN"]
[SourceTitle "EXT 2012"]
[Source "ChessBase"]
[SourceDate "2011.11.24"]
[SourceVersion "1"]
[SourceVersionDate "2011.11.24"]
[SourceQuality "1"]
[WhiteTeam "HVSE Infraplan"]
[BlackTeam "Veszprem"]
[WhiteTeamCountry "HUN"]
[BlackTeamCountry "HUN"]

1. e4 g6 2. d4 Bg7 3. Nf3 d6 4. Bc4 a6 5. a4 Nf6 6. Nbd2 0-0 7. 0-0 c5 8. c3 Qc7 9. Qb3 Nc6 10. Qa2 Na5 11. Bd3 Nc6 12. h3 cxd4 13. cxd4 Nb4 14. Qb1 Nxd3 15. Qxd3 Bd7 16. Re1 b5 17. a5 Rac8 18. Nf1 Qc2 19. Qxc2 Rxc2 20. Ne3 Rc7 21. e5 dxe5 22. dxe5 Ne8 23. Nd5 Rc5 24. Nxe7+ Kh8 25. Be3 Rc2 26. Bd4 Nc7 27. Rac1 Rxc1 28. Rxc1 Ne6 29. Bc3 Nf4 30. Kf1 Re8 31. Rd1 Be6 32. Nc6 Bc4+ 33. Kg1 Ne2+ 34. Kh2 Nxc3 35. bxc3 f6 36. exf6 Bxf6 37. Nfd4 Bd5 38. Nb4 1/2-1/2